| 000 | 00660nam a22002177a 4500 | ||
|---|---|---|---|
| 010 | _aA-216154 | ||
| 020 | _a090781204 | ||
| 035 | _aA-216154 | ||
| 037 | _bCen Lib / Ret | ||
| 040 |
_aDPL _bEN |
||
| 082 |
_a635 _bCOL |
||
| 245 |
_aColourful houseplants : _ban illustrated guide to indoor gardening / _cedited by Peter McHoy [and] David Squire |
||
| 260 |
_aLondon _bOctopus Books _c1978 |
||
| 270 |
_aOctopus Books _bLondon |
||
| 300 |
_a128p ; _c32cm(Hb) |
||
| 650 |
_aHouse plants. _9142152 |
||
| 650 |
_aIndoor plants _9142153 |
||
| 700 |
_aMcHoy, Peter _995737 |
||
| 700 |
_aSquire, David _995738 |
||
| 942 |
_2ddc _cEN _h635 _mCON |
||
| 999 |
_c136329 _d136329 |
||